000 00406nam a2200145 4500
005 20260530113842.0
100 1 _aDick Powell
_930320
245 1 0 _aTecnicas de Presentación • Guía de dibujo
264 1 _bTursen Hermann Blume Ediciones
_c1985
300 _a160 páginas
500 _aLibro de Referencia
336 _atexto
_2rdacontent
337 _asin medio
_2rdamedia
338 _avolumen
_2rdacarrier
999 _c11154
_d11154